Friends guest stars and actors - Statistics

General Stats
  • This quiz has been taken 92 times
  • The average score is 15 of 34
Answer Stats
Episode Character Actor % Correct
The one with Rachel's sister Jill Greene Reese Witherspoon
80%
Multiple Paul Stevens Bruce Willis
76%
The one with the rumor Will Colbert Brad Pitt
73%
The one where Rachel's sister babysits Amy Greene Christina Applegate
73%
The one where the stripper cries The stripper (Officer Goodbody) Danny DeVito
70%
Multiple (season 8) Eric (Ursuala's ex-fiancee) Sean Penn
68%
The one with the chicken pox Ryan (Phoebe's Navy boyfriend for two weeks every three years) Charlie Sheen
66%
Multiple Mike Hannigan Paul Rudd
65%
The one with Monica and Chandler's wedding: part 1 Actor, Richard Crosby who starred beside Joey in a WWII drama Gary Oldman
62%
The one after the superbowl: part 2 Susie Moss Julia Roberts
58%
The one with the male nanny Sandy Freddie Prinze. Jr
57%
The one with Rachel's big kiss Melissa Warburton Winona Ryder
57%
The one with Joey's new brain Jessica Lockheart Susan Sarandon
55%
The one with the screamer Tommy (Rachel's date) Ben Stiller
49%
The one with Ross' wedding: part 2 Disgruntled passenger on the flight to london who is annoyed by Rachel's chatter Hugh Laurie
49%
The one in Massapequa Parker Alec Baldwin
46%
Multiple Charles Bing/ Helena Handbasket Kathleen Turner
43%
The one with princess consuela Mackenzie (The girl who Joey thought was a ghost in Monica and Chandler's new house) Dakota Fanning
42%
The One with George Stephanopoulos Dr. Michael Mitchell George Clooney
42%
Multiple (season 10) Erica Anna Faris
34%
The one after the superbowl: part 2 Playing himself, acting in a film Jean Claude Van Damme
30%
The one with the mugging Leonard Hayes Jeff Goldblum
30%
The one with Ross' tan Amanda Buffamonteezi Jennifer Coolidge
27%
Multiple Nora Tyler Bing Morgan Fairchild
27%
Multiple Pete Becker Jon Favreau
26%
Multiple Gavin Mitchell Dermot Mulroney
23%
The one with the stoned guy / The one with the blind dates The high food critic (Season 1) / Steve (Season 9) Jon Lovitz
23%
The one where Eddie moves in Eddie Menuek Adam Goldberg
18%
The one with the donor Zack (Chandler's work friend) John Stamos
18%
Multiple Charlie Wheeler Aisha Tyler
16%
The one at the beach Bonnie Christine Taylor
16%
The one with christmas in Tulsa Wendy Selma Blair
16%
The one with the cheap wedding dress Rachel Leigh (the girl both Ross and Joey date) Gabrielle Union
12%
The one with Joey's bag Frank Buffay Sr. Bob Balaban
9%
No matching quizzes found
Score Distribution
Percent of People with Each Score
Percentile by Number Answered
Your Score History
You have not taken this quiz